| 000 | 00793nam a22002297a 4500 | ||
|---|---|---|---|
| 003 | 0 | ||
| 005 | 20250507120736.0 | ||
| 008 | 250507b xxu||||| |||| 00| 0 eng d | ||
| 020 | _a9786214271344 | ||
| 050 |
_aHF 5549.5 _b.F634 2023 |
||
| 100 | _aFlores, Marivic F. | ||
| 245 |
_aTraining and development _cMarivic F. Flores, Angelita Ong Camilar Serrano, Rodolfo Lapaz Ducut |
||
| 260 |
_aManila _bUnlimited Books Library Services & Publishing Inc. _cc2023 |
||
| 300 |
_aviii, 224 pages ; _c26cm. |
||
| 504 | _aIncludes bibliographical references. | ||
| 650 | _aEmployees—Training of. | ||
| 650 | _aPersonnel management—Training. | ||
| 650 | _aHuman resource development. | ||
| 700 | _aSerrano, Angelita Ong Camilar | ||
| 700 | _a Ducut, Rodolfo Lapaz | ||
| 942 |
_2lcc _cBK |
||
| 999 |
_c367467 _d367467 |
||